000 00439nam a22001457a 4500
008 160414b xxu||||| |||| 00| 0 eng d
050 _aG128.W587
100 _aWhite, Richard
_923798
245 _aAfrica: Geographical studies
_c/ Richard White
250 _a2nd edition
260 _aZimbabwe
_bZimbabwe Educational Books
_c1985
300 _a216p. ;
_c25cm.
650 _aGeography
_xTextbooks
_zZimbabwe
_923799
942 _2lcc
_cMONOGRAPH
999 _c124617
_d124617